000 00255nam a2200109Ia 4500
008 200302s9999 xx 000 0 und d
100 _aSteen Eiler Rasmussen
245 _aTowns and Buildings
260 _bThe Mit Press
260 _c1997
300 _a203 P.,
999 _c5768
_d5768